| 000 -ლიდერი |
| ფიქსირებული სიგრძის საკონტროლო ველი |
01478nam a2200253Ia 4500 |
| 001 - საკონტროლო ნომერი |
| საკონტროლო ველი |
5764 |
| 003 - საკონტროლო ნომრის იდენტიფიკატორი |
| საკონტროლო ველი |
GE_BSU |
| 005 - ბოლო ოპერაციის თარიღი და დრო |
| საკონტროლო ველი |
20190426205355.0 |
| 008 - ფიქსირებული სიგრძის მონაცემთა ელემენტები - ზოგადი ინფორმაცია |
| ფიქსირებული სიგრძის საკონტროლო ველი |
181216s1980||||ge |||||||||||||| ||geo|| |
| 040 ## - კატალოგიზაციის წყარო |
| Transcribing agency |
GE_BSU |
| 041 ## - ენის კოდი |
| Language code of text/sound track or separate title |
geo |
| 080 ## - უნივერსალური ათობითი კლასიფიკაციის ინდექსი |
| Universal Decimal Classification number |
624.012.4(072) რ-70 |
| 245 ## - ცნობა სათაურის შესახებ |
| Title |
რკინაბეტონის კონსტრუქციების გაანგარიშების მაგალითები ნაწ.II : |
| Remainder of title |
მეთოდური მითითებები / |
| Statement of responsibility, etc |
შემდგ. : ლ.ავალიშვილი, ი.ჩიკვაიძე, ლ.ცინცაძე და სხვ. ; რედ. ე. გიორგიძე. |
| 264 ## - წარმოების, გამოცემის, დისტრიბუციის და სხვა ცნობები |
| გამოცემის, წარმოების, დისტრიბუციის... ადგილი |
თბილისი : |
| გამოცემის, წარმოების, დისტრიბუციის... სახელწოდება |
სპი, |
| გამოცემის, წარმოების, დისტრიბუციის... თარიღი |
1980. |
| 300 ## - ფიზიკური აღწერა |
| Extent |
136 გვ. : |
| Other physical details |
ნახაზები ; |
| Dimensions |
20 სმ. |
| 504 ## - BIBLIOGRAPHY, ETC. NOTE |
| Bibliography, etc |
ბიბლიოგრ. : გვ.136. |
| 653 ## - INDEX TERM--UNCONTROLLED |
| Uncontrolled term |
რკინაბეტონის კონსტრუქციების გაანგარიშების მაგალითები |
| 653 ## - INDEX TERM--UNCONTROLLED |
| Uncontrolled term |
რკინაბეტონის კონსტრუქციები |
| 700 ## - ADDED ENTRY--PERSONAL NAME |
| Personal name |
ავალიშვილი, ლ. |
| Relator term |
შემდგენელი |
| 9 (RLIN) |
499 |
| 700 ## - ADDED ENTRY--PERSONAL NAME |
| Personal name |
ჩიკვაიძე, ი. |
| Relator term |
შემდგენელი |
| 9 (RLIN) |
502 |
| 700 ## - ADDED ENTRY--PERSONAL NAME |
| Personal name |
ცინცაძე, ლ. |
| Relator term |
შემდგენელი |
| 9 (RLIN) |
503 |
| 700 ## - ADDED ENTRY--PERSONAL NAME |
| Personal name |
გიორგიძე, ე. |
| Relator term |
რედაქტორი |
| 9 (RLIN) |
504 |
| 942 ## - ADDED ENTRY ELEMENTS (KOHA) |
| Koha item type |
წიგნი |
| Source of classification or shelving scheme |
|